| 000 | 00640nam a2200181Ia 4500 | ||
|---|---|---|---|
| 008 | 100920s9999 xx 000 0 und d | ||
| 082 |
_b93569 _a28 व 891,43 न 05 |
||
| 100 | _aअश्क उपेन्द्रनाथ. | ||
| 245 | _aकाकडाँ का तेली. | ||
| 260 |
_bनीलाभ प्रकाशन, इलाहाबाद. _c2005 |
||
| 300 |
_a24 _bसाधी |
||
| 365 | _b30 | ||
| 520 | _aबा.वि.हिंदी. | ||
| 630 | _aकाकडाँ का तेली. | ||
| 650 | _aबा.वि.हिंदी. | ||
| 730 | _aकाकडाँ का तेली. | ||
| 942 | _cBOOK | ||
| 999 |
_c734012 _d734009 |
||